Movie General Knowledge Quiz #5 - Statistics

General Stats
  • This quiz has been taken 19 times
  • The average score is 9 of 15
Answer Stats
Hint Answer % Correct
Which actor won consecutive Best Actor Oscars for performances in 1993 and 1994? Tom Hanks
88%
Which actress played Princess Leia in the original Star Wars trilogy? Carrie Fisher
81%
Who directed Saving Private Ryan? Steven Spielberg
81%
Who played the lead role in The Devil Wears Prada? Anne Hathaway
75%
Which actor played Daniel Plainview in There Will Be Blood? Daniel Day-Lewis
75%
Which film features the quote “I see dead people”? The Sixth Sense
75%
What was Stanley Kubrick’s final film? Eyes Wide Shut
69%
Which 1985 film features Biff Tannen? Back to the Future
63%
Which film was the first sequel ever nominated for Best Picture? The Godfather Part II
63%
Who directed Get Out? Jordan Peele
56%
What was the first horror film nominated for Best Picture at the Oscars? The Exorcist
50%
Which 2008 film starred Robert Downey Jr. and was set during the Vietnam War? Tropic Thunder
50%
What was Pixar’s second feature film after Toy Story? A Bug's Life
44%
Who composed the score for Pirates of the Caribbean: The Curse of the Black Pearl? Hans Zimmer
44%
Who directed The Truman Show? Peter Weir
13%
No matching quizzes found
Score Distribution
Percent of People with Each Score
Percentile by Number Answered
Your Score History
You have not taken this quiz